000 01175nam a2200277Ia 4500
001 21734
005 20260401154413.0
008 260320s9999||||xx |||||||||||||| ||und||
020 _a9781456284862
041 _aESP
082 _a620.11
_bB133
100 _aBeer, Ferdinand P.,
_eAUT
245 0 _aMecanica de materiales
246 _bMurrieta Murrieta, Jesús Elmer
250 _aOctava edición
260 _aCiudad de México :
_bMcGraw Hill,
_c2021
300 _avarias paginaciones
_bilustraciones ;
_c27 cm.
650 _aTCA
653 _aMateriales de ingeniería
654 _aCII
856 _uhttps://itmsp.museknowledge.com/UCSP?url=https://www.ebooks7-24.com:443/?il=16359&pg=1
_zVersión digital
856 _uhttps://0u213uy6a-y-https-ebooks7--24-com.itmsp.museknowledge.com/biblioteca.aspx
_zVéase además: Base de datos Ebook7-24
856 _uhttps://0u21duy6g-y-https-ebooks-editorialmacro-com.itmsp.museknowledge.com/library
_zVéase además: Base de datos Macro Digital
856 _uhttps://0u20fuy6l-y-https-research-ebsco-com.itmsp.museknowledge.com/c/qxo6us/search
_zVéase además: Base de datos EBSCOhost
942 _cLIB
_dJUS
_fMIP
_2ddc
999 _c21734
_d21734